01015nam a2200205Ia 4500008004100000041001200041082002600053100001600079245002400095250001200119260004900131300001300180300001100193650002100204942000700225999001900232952018500251952018800436952018500624231217s9999 xx 000 0 und d aEnglish a001.6424JAV GRA.2;1 R aGrand, Mark 0aPatterns in Java V2 a1st ed. c2003bWiley Dream Tech India Ltd,aNew Delhi aviii+354 cCD1140 aPatterns,Java,V2 cAA c170900d170900 r2024-01-26 00:00:00l0o001.6424JAV GRA.2;1 Rp25709v319.20w2024-01-26yAA1040708CL00aMLbMLcCLd2004-02-13eBook Paradiseg399.00EMCAK17655L20/08/2005GRSF1V79.8W20 r2024-01-26 00:00:00l0o001.6424JAV GRA.2;2 R1p25710v319.20w2024-01-26yAA1040708CL00aMLbMLcCLd2004-02-13eBook Paradiseg399.00EMCAK17655L20/08/2005GRSF1V79.8W20 r2024-01-26 00:00:00l0o001.6424JAV GRA.2;3 p25711v319.20w2024-01-26yAA1040708CL00aMLbMLcCLd2004-02-13eBook Paradiseg399.00EMCAK17655L20/08/2005GRSF1V79.8W20